Voľba vhodných extrakčných parametrov a vývoj GC-MS metódy na stanovenie pesticídov vo vzorkách životného prostredia

Salvato in:
Dettagli Bibliografici
Autore principale: Pasti, Frederik (Autore)
Altri autori: Szarka, Agneša (Relatore della tesi)
Natura: Manoscritto Libro
Lingua:slovacco
Pubblicazione: 2024
Soggetti:
Accesso online:http://is.stuba.sk/zp/portal_zp.pl?podrobnosti=176588
Tags: Aggiungi Tag
Nessun Tag, puoi essere il primo ad aggiungerne!!

MARC

LEADER 00000ntm a22000003a 4500
001 stuzp99364
003 SK-STU
005 20240601210655.1
007 ta
008 150427s2015----xo-----f-mn---000-0-slo-d
040 |a STU  |b slo 
041 0 |a slo 
100 1 |a Pasti, Frederik  |u 041000  |4 aut  |U FCHPT Fakulta chemickej a potravinárskej technológie  |T FCHPT Ústav analytickej chémie  |X 104739  |U C1000  |Y 99  |7 104739 
242 0 1 |a Selection of appropriate extraction parameters and development of a GC-MS method for the determination of pesticides in environmental samples  |y eng 
245 1 0 |a Voľba vhodných extrakčných parametrov a vývoj GC-MS metódy na stanovenie pesticídov vo vzorkách životného prostredia 
260 |c 2024 
650 4 |a pesticídy  |2 slo 
650 4 |a pôda  |2 slo 
650 4 |a MAE  |2 slo 
650 4 |a GC-MS  |2 slo 
650 4 |a pesticides  |2 eng 
650 4 |a soil  |2 eng 
650 4 |a MAE  |2 eng 
650 4 |a GC-MS  |2 eng 
700 1 |a Szarka, Agneša  |u 041000  |k Z2  |4 ths  |U FCHPT Fakulta chemickej a potravinárskej technológie  |T FCHPT Ústav analytickej chémie  |X 40268  |U C1000  |Y 99  |7 A000040268 
856 4 |u http://is.stuba.sk/zp/portal_zp.pl?podrobnosti=176588